[Event "XII Americas Continental-ch 2017"]
[Site "Medellin"]
[Date "2017.06.14"]
[Round "7"]
[White "Arenas, David"]
[Black "Flores, Diego"]
[Result "0-1"]
[WhiteElo "2488"]
[BlackElo "2567"]
[Annotator "TA"]
[PlyCount "88"]
[EventDate "2017.??.??"]
[EventType "swiss"]
[EventCountry "COL"]
[SourceTitle "playchess.com"]
[Source "ChessBase"]
[SourceQuality "1"]

{[%evp 14,88,0,-7,58,16,25,16,70,47,52,20,81,69,101,84,91,67,64,61,108,81,73,67,75,52,40,33,68,-28,-28,-28,-24,-33,-30,-54,-59,-237,-229,-362,-359,-370,-372,-371,-360,-362,-370,-445,-454,-489,-484,-456,-373,-469,-476,-488,-472,-551,-543,-599,-579,-632,-626,-681,-669,-857,-837,-844,-837,-1343,-1263,-1516,-1516,-1393,-1376,-1342,-1443]} 1. e4 {[%cal Be2e4,Be4e5][%mdl 32]} d6 2. d4 Nf6 3. Nc3 c6 {[%cal Bc7c6,Bc6c5][%mdl 32]} 4. f4 Qa5 5. e5 Ne4 6. Bd3 Nxc3 7. Qd2 c5 {B07: Pirc Defence: Miscellaneous Systems} (7... g6 8. bxc3 Bh6 9. Nf3 dxe5 10. Nxe5 Nd7 11. Nc4 Qc7 12. O-O b5 13. Ne5 Nxe5 14. dxe5 O-O 15. Qf2 Bg7 {½-½ (65) Supi,L (2416)-Felgaer,R (2582) Montevideo 2015}) 8. bxc3 {LiveBook: 5 Games} dxe5 ({Black should try} 8... d5 $11) 9. dxe5 $146 ({Predecessor:} 9. fxe5 Nc6 10. Nf3 cxd4 11. cxd4 Qxd2+ 12. Bxd2 e6 13. O-O h6 14. c4 Bd7 15. Rab1 {1-0 (30) Ahmad,A (2345)-Amjad,A (2252) Baghdad 2010}) 9... e6 {The position is equal.} 10. Ne2 Nd7 (10... Be7 $11) 11. O-O $14 Be7 12. Kh1 Qc7 (12... Nb6 $11 {keeps the balance.}) 13. c4 $16 b6 14. Nc3 Bb7 15. a4 O-O 16. Qe3 Rfd8 17. Qh3 Nf8 {[%cal Bd7f8,Bf8g6,Bg6h4][%mdl 32]} 18. Bb2 Ng6 19. Rae1 Nh4 20. Re2 Rd7 21. f5 {[#]} (21. Kg1 $14) 21... Rxd3 $1 $11 {[%mdl 512]} 22. cxd3 Nxf5 23. Nd5 Qd8 $1 24. Rxf5 exf5 25. e6 $2 (25. Nxe7+ $15 Qxe7 26. Qxf5) 25... Bxd5 $19 26. Qg3 (26. cxd5 $142 Qxd5 27. Re5) 26... f6 27. cxd5 Qxd5 28. Re1 Bd6 29. Qh4 {Now Bxf6! and White clings on.} Re8 (29... Qxd3 $2 {[#]} 30. Bxf6 $1 {[%mdl 512]} gxf6 31. Qxf6 $19) 30. Bxf6 Rxe6 ({Don't play} 30... gxf6 31. Qxf6 Qb7 32. Qg5+ Qg7 33. Qxf5 $19) 31. Bc3 {Hoping for Qd8+.} Rxe1+ 32. Qxe1 Kf7 33. Qe2 g6 {Black is clearly winning.} 34. Kg1 Qb3 35. Bb2 Qxa4 36. Qf3 Qb3 37. Bc1 Be7 38. h3 a5 {[%cal Ba7a5,Ba5a4,Ba4a3][%mdl 32]} 39. Bf4 a4 40. Qa8 Qxd3 41. Kh2 Qd4 42. Qb8 a3 43. Be5 Qd8 44. Qa7 Ke6 {Precision: White = 31%, Black = 51%.} 0-1

[Event "XII Americas Continental-ch 2017"]
[Site "Medellin"]
[Date "2017.06.14"]
[Round "7"]
[White "Quintiliano Pinto, Renato R"]
[Black "Shabalov, Alexander"]
[Result "0-1"]
[WhiteElo "2483"]
[BlackElo "2556"]
[Annotator "TA"]
[PlyCount "120"]
[EventDate "2017.??.??"]
[EventType "swiss"]
[EventCountry "COL"]
[SourceTitle "playchess.com"]
[Source "ChessBase"]
[SourceQuality "1"]

{[%evp 9,120,20,58,62,50,49,54,29,50,43,46,5,6,14,46,-14,9,-33,19,-41,-27,-38,-37,-25,-28,-41,-27,-47,-39,-31,-29,-41,-16,-62,-53,-48,-56,-67,-35,-70,-51,-97,-97,-103,-99,-107,-103,-104,-69,-77,-65,-97,-70,-77,-64,-97,-87,-101,-85,-87,-83,-97,-94,-97,-89,-89,-83,-100,-104,-103,-95,-116,-101,-181,-176,-164,-171,-169,-122,-118,-118,-119,-119,-118,-118,-141,-130,-137,-127,-143,-69,-74,-68,-97,-70,-91,-74,-80,-78,-85,-66,-64,-65,-60,-60,-104,-65,-271,-266,-793,-737,-802,-719]} 1. d4 Nf6 2. c4 c5 3. d5 b5 4. cxb5 a6 5. bxa6 g6 6. Nc3 {A58: Benko/Volga Gambit: Lines with 5 bxa6} Bg7 (6... Bxa6 7. Nf3 Bg7 8. e4 Bxf1 9. Kxf1 d6 10. g3 O-O 11. Kg2 Na6 12. Qe2 Qb6 13. Rd1 Qb7 14. Rb1 Nd7 15. Bg5 Rfe8 16. a3 Nc7 17. Qc2 Nb6 18. a4 Rac8 19. b3 e6 20. dxe6 Nxe6 {1-0 (27) Jakovenko,D (2714)-Zvjaginsev,V (2673) Moscow 2016}) 7. e4 O-O 8. Nf3 {White is slightly better.} Qa5 {With the idea ...Nxe4.} 9. Bd2 Bxa6 10. Bxa6 Qxa6 11. Qe2 d6 12. Rb1 (12. a4 $14) 12... Nfd7 13. b3 $146 ({Predecessor:} 13. Qxa6 Nxa6 {0-1 (58) Sirosh,I (2314)-Meskovs,N (2451) Viljandi 2015}) 13... f5 (13... Qxe2+ $15 14. Kxe2 f5) 14. a4 (14. Qe3 $1 $11) 14... Bxc3 $15 15. Bxc3 Qxe2+ 16. Kxe2 fxe4 17. Ng5 Nb6 18. Rhd1 Rf5 19. Nxe4 Nxd5 20. Ba1 Nc6 21. Ng3 Nf4+ 22. Kf1 $1 Rff8 $36 {[%mdl 2048] Black has the initiative.} 23. Ne4 Ne6 24. Nc3 Nc7 25. Nb5 Nxb5 26. axb5 Nb4 27. Bc3 Nc2 {[#] White must now prevent ...Ne3+.} 28. Rd3 Rab8 29. Rc1 Na3 30. Re3 Rf7 ({Don't play} 30... Nxb5 31. Rxe7 Rf7 32. Re3 $11) 31. b4 Rxb5 {Hoping for ...Nc4.} 32. bxc5 Rxc5 33. Rd1 Nb5 34. Be1 Nc7 35. Red3 Rff5 36. Ra1 Nd5 37. Bd2 Nf6 38. Be1 Kf7 39. h3 h5 40. Bd2 Ne4 41. Be3 (41. Be1 $17) 41... Rc2 $19 {[%cal Re4f2]} 42. f3 Ng3+ 43. Kg1 Ne2+ 44. Kh2 Rb5 45. h4 Rb4 {[%cal Rb4h4]} 46. Kh3 Rcc4 {[%csl Gb4][%cal Rc4h4]} 47. g3 Rc2 48. Bg5 Nd4 {...Rbb2 is the strong threat.} 49. Ra7 {[#]} Re2 (49... Nc6 $1 $17 {[%cal Rc6a7]} 50. Rc7 Rbb2) 50. g4 $15 Re5 51. Bf4 Re6 (51... Nb5 {feels hotter.} 52. Bxe5 Nxa7 53. Bg3 Ke6 54. Rc3 Nb5) 52. Bd2 Rc4 53. gxh5 gxh5 54. Ra5 Rf6 55. Rxh5 Nxf3 56. Rh7+ Ke6 57. Bc3 Rff4 {[%cal Rf3h4]} 58. Kg3 $2 (58. Re3+ $15 Rce4 59. Rxe4+ Rxe4 60. Ba5) 58... Nxh4 $19 59. Re3+ $2 (59. Rh6+ Kd7 60. Rh5) 59... Kd5 {Threatens to win with ...Nf5+.} 60. Rh5+ Nf5+ {Precision: White = 33%, Black = 58%.} 0-1

[Event "XII Americas Continental-ch 2017"]
[Site "Medellin"]
[Date "2017.06.14"]
[Round "7"]
[White "Tang, Andrew"]
[Black "Fier, Alexandr"]
[Result "1/2-1/2"]
[WhiteElo "2461"]
[BlackElo "2576"]
[Annotator "TA"]
[PlyCount "78"]
[EventDate "2017.??.??"]
[EventType "swiss"]
[EventCountry "COL"]
[SourceTitle "playchess.com"]
[Source "ChessBase"]
[SourceQuality "1"]

{[%evp 9,78,17,14,10,20,7,22,-9,-2,-9,0,-12,-11,-3,93,102,129,127,193,27,49,32,61,19,22,20,47,37,58,27,30,11,16,17,23,0,18,22,34,33,50,42,34,40,51,36,70,53,43,39,177,162,189,177,210,212,211,206,147,135,662,677,788,0,0,0,0,0,0,0,0]} 1. d4 Nf6 2. Bf4 c5 3. e3 Nd5 (3... g6 4. c3 Qb6 5. Qb3 Bg7 6. Nd2 O-O 7. Nc4 Qd8 8. Nf3 cxd4 9. exd4 Nc6 10. Be2 d6 11. Rd1 {1-0 (36) Kamsky,G (2661)-Sokolov,I (2632) Stockholm 2017}) 4. Bg3 Qb6 5. b3 cxd4 6. exd4 {A45: Trompowsky Attack} g6 7. Nf3 Bh6 8. c3 $146 (8. c4 $5 {[%cal Rc4d5]} Nf6 9. Bd3 $14) ({Predecessor:} 8. Bc4 Qb4+ 9. Kf1 Qa5 10. c3 Nf4 11. Ne5 {1-0 (37) Tran,M (2293)-Tabatabaei,M (2493) Khanty-Mansiysk 2016}) 8... Nf4 9. Ne5 d6 10. Ng4 Bxg4 $1 11. Qxg4 {Black must now prevent Qc8+.} Ne6 (11... f5 $11 12. Qh4 Nh5) 12. Bc4 $1 $16 Nd8 13. O-O e6 (13... Nbc6 $16 {keeps fighting.} 14. Qh4 Bg7) 14. Bf4 $2 (14. Na3 $18) 14... Bxf4 15. Qxf4 Nd7 16. Nd2 d5 17. Bd3 Nc6 18. Rfe1 Qd8 19. Nf3 O-O 20. Re3 Kg7 21. Rae1 Rc8 22. Bb1 Qf6 (22... Qc7 $5 {[%cal Rc7f4]} 23. Qh4 Qd8 $11) 23. Qg3 h6 24. h4 $36 {[%cal Bh2h4,Bh4h5][%mdl 2080] White fights for an advantage.} b5 25. Nh2 Kh8 26. h5 {[%cal Rh5g6]} g5 27. Ng4 Qg7 28. f4 {[%cal Bf2f4,Bf4f5,Bf5e6,Be6f7][%mdl 32] aiming for f5.} b4 {Strongly threatening ...bxc3.} 29. f5 bxc3 ({Better is} 29... Nf6 $1 $14) 30. fxe6 $18 Nf6 31. exf7 $1 (31. Rxc3 fxe6 32. Rxe6 Nxg4 $11) 31... Nxd4 {...c2 is the strong threat.} 32. Nxf6 Qxf6 33. Rf1 Qg7 {With the idea ...c2.} 34. Qd6 $1 c2 $2 {[%mdl 8192] [#]} (34... g4 $16 35. Bg6 c2) 35. Bxc2 $1 {[%mdl 512]} Nxc2 {[#]} (35... Rxc2 36. Re8) 36. Re6 $2 ({White has to play} 36. Rf6 $1 $18 {[%cal Rf6h6][%mdl 512]} Rxf7 37. Rxf7 Qxf7 38. Re7 Qxe7 39. Qxe7) 36... Qd4+ $11 {The position is equal.} (36... Rxf7 $2 37. Rxh6+ Kg8 38. Rxf7 $18) 37. Rf2 (37. Kh1 $5 {[%cal Re6h6]} Qh4+ 38. Kg1 Qd4+ 39. Kh2 Qh4+ 40. Kg1 Qd4+ $11) 37... Qd1+ (37... Rxf7 $2 38. Rxh6+ Rh7 39. Rxh7+ Kxh7 40. Qd7+ Kh6 41. Qxc8 $18) 38. Rf1 Qd4+ 39. Rf2 Qd1+ {Precision: White = 60%, Black = 41%.} ({But not} 39... Rxf7 $2 40. Rxh6+ Rh7 41. Rxh7+ Kxh7 42. Qg6+ Kh8 43. Qh6+ Kg8 44. Qe6+ (44. Qxg5+ Qg7 $16) 44... Kg7 45. Qg6+ Kh8 46. Qh6+ Kg8 47. Qe6+ (47. Qxg5+ Qg7 $16) 47... Kg7 48. Qxc8 $18) 1/2-1/2

[Event "XII Americas Continental-ch 2017"]
[Site "Medellin"]
[Date "2017.06.14"]
[Round "7"]
[White "Gallego Alcaraz, Andres Felipe"]
[Black "Vasquez Schroeder, Rodrigo"]
[Result "0-1"]
[WhiteElo "2453"]
[BlackElo "2553"]
[Annotator "TA"]
[PlyCount "164"]
[EventDate "2017.??.??"]
[EventType "swiss"]
[EventCountry "COL"]
[SourceTitle "playchess.com"]
[Source "ChessBase"]
[SourceQuality "1"]

{[%evp 27,164,52,63,20,30,30,30,33,13,8,15,14,20,14,32,32,33,33,31,0,20,0,8,0,0,0,0,0,8,8,10,0,10,14,17,14,11,19,30,0,49,59,42,33,52,57,89,84,80,73,46,0,0,0,32,0,0,0,27,0,0,0,0,0,0,0,0,0,6,0,19,12,11,12,11,11,11,11,17,0,0,0,0,0,0,0,0,0,0,0,0,0,0,0,0,0,0,0,0,0,0,0,0,0,0,-92,-118,-789,-306,-830,-818,-681,-581,-819,-746,-747,-716,-714,-438,-854,-850,-818,-745,-880,-1250,-2044,-2288,-3339,-2315,-29973,-29974,-29975,-29975,-29977,-29979,-29979,-29979,-29984,-29985]} 1. d4 Nf6 2. c4 e6 3. Nf3 c5 4. d5 d6 5. Nc3 exd5 6. cxd5 g6 7. Bf4 a6 8. a4 Bg7 9. h3 O-O 10. e3 Ne8 {A61: Modern Benoni: Nf3 without early e4} 11. Be2 Nd7 12. O-O Rb8 13. Nd2 Qe7 14. a5 Ne5 {LiveBook: 19 Games} 15. Na4 Bd7 16. Nb6 Bb5 17. Bxe5 Bxe5 {[#]} 18. Ndc4 $146 Bg7 19. Rb1 Nf6 20. Na3 Bxe2 21. Qxe2 Ne4 22. Nac4 f5 23. Rfe1 Rbe8 24. Nd2 Ng5 25. f4 Ne4 26. Nbc4 Qd7 27. Kh2 Bf6 28. Nxe4 Rxe4 29. b3 Bc3 30. Rec1 Bb4 31. Qf3 Qd8 32. Ra1 {[%cal Bb1a1,Ba1a2,Ba2g2][%mdl 32]} Rfe8 33. Ra2 Rf8 34. g4 Re7 35. gxf5 Rxf5 36. Rg1 Ref7 {[#]} 37. Rg4 $1 Qf8 38. Rag2 Kh8 39. Qd1 Bc3 40. Qd3 Bg7 41. Rg5 R5f6 42. Nd2 Bh6 43. R5g3 Rf5 44. Nc4 {[%cal Bd2c4,Bc4b6,Bb6c8][%mdl 32]} R7f6 45. Qe4 Qf7 46. Rg5 Bf8 47. Nb6 Be7 48. Rxf5 Rxf5 49. Nc8 Bf8 50. Qe6 Kg7 51. Qxf7+ Kxf7 $11 {[%mdl 4096] Endgame KRB-KRN} 52. Nb6 Be7 53. Rf2 g5 54. Kg2 Kg6 55. e4 Rxf4 56. Rxf4 gxf4 {KB-KN} 57. Nc8 Bf8 58. Kf3 Kg5 {[#]} 59. h4+ $1 {[%mdl 512]} Kf6 (59... Kxh4 60. e5 $14) 60. Nb6 Bh6 61. Nc4 Ke7 62. e5 dxe5 63. Nxe5 Bg7 64. Nc4 h5 65. Kxf4 {Kg5 is the strong threat.} Bf6 66. Kg3 (66. Kf5 $1 $11 Bxh4 67. Kg6) 66... Kd7 $17 67. Kh3 $2 {[%mdl 8192]} (67. Kf2 $17) 67... Bc3 $19 68. Kg3 $2 (68. Kh2 Be1 69. Kg2) 68... Be1+ 69. Kh3 Ke7 70. Kg2 Bxh4 71. Kf3 Be1 72. Kf4 Kf6 73. Nd6 (73. Kf3 $142 Kf5 74. Ke2) 73... Bxa5 {( -> ...Bc7)} 74. Ne4+ Ke7 75. Nxc5 Bb4 76. Ne4 h4 77. Kg4 b5 {[%cal Bb7b5,Bb5a4][%mdl 32]} 78. Kxh4 a5 {Black mates.} 79. d6+ Ke6 80. Kg4 a4 81. bxa4 bxa4 82. d7 Kxd7 {Precision: White = 54%, Black = 73%.} 0-1

[Event "XII Americas Continental-ch 2017"]
[Site "Medellin"]
[Date "2017.06.14"]
[Round "7"]
[White "Zapata, Alonso"]
[Black "Mekhitarian, Krikor Sevag"]
[Result "1-0"]
[WhiteElo "2420"]
[BlackElo "2542"]
[Annotator "TA"]
[PlyCount "88"]
[EventDate "2017.??.??"]
[EventType "swiss"]
[EventCountry "COL"]
[SourceTitle "playchess.com"]
[Source "ChessBase"]
[SourceQuality "1"]

{[%evp 19,88,35,43,50,45,27,43,18,26,0,18,-22,7,-33,35,-25,-26,-88,-71,-225,-153,-139,0,0,0,0,0,0,0,0,0,0,25,15,72,59,62,65,86,52,59,32,57,55,57,29,288,269,295,258,624,618,595,575,569,547,792,722,29987,29988,29988,29989,29989,29990,29990,29991,29991,29992,29996,29997,29997]} 1. e4 c5 2. Nf3 d6 3. d4 cxd4 4. Nxd4 Nf6 5. Nc3 Nc6 6. Bc4 e6 7. Bb3 Be7 8. Be3 Bd7 9. Qe2 a6 10. O-O-O Na5 11. g4 {[%cal Bg2g4,Bg4g5][%mdl 32] B89: Sicilian: Velimirovic Attack} g6 (11... h5 12. h3 Nxb3+ 13. axb3 Qa5 14. Kb1 O-O-O 15. g5 Ne8 16. h4 g6 17. b4 Qxb4 18. Nb3 Bc6 {1-0 (89) Zsiltzova Lisenko,L (2276)-Draghici Flutur,G (2204) Calimanesti 2010}) 12. g5 Nh5 13. f4 {White is slightly better.} O-O $146 ({Predecessor:} 13... Nxb3+ 14. Nxb3 b5 15. Rhe1 b4 16. Nb1 Bb5 17. Qf2 O-O 18. Nd4 Bd7 {1-0 (37) Springer,G (1963)-Klemm,M Berlin 2007}) 14. Kb1 b5 15. e5 dxe5 16. fxe5 (16. Nf3 $5 {[%cal Rf3e5]} exf4 17. Ne5 fxe3 18. Nxd7 $11 (18. Rxd7 Qb6 $15)) 16... Nxb3 (16... Qb8 $15) 17. axb3 (17. Nxb3 $14 Qe8 18. Nc5) 17... Qc7 $11 18. Bc1 (18. Rhe1 $11) 18... Rfd8 19. Nf5 $2 (19. Rhe1 $17 {is a better defense.}) 19... gxf5 20. Qxh5 Qxe5 (20... Be8 $17 {White must now prevent ...b4.} 21. Bf4 b4 22. Rxd8 Rxd8) 21. Rhe1 Qg7 $1 {[#]} 22. Nd5 $1 {[%cal Rd5e7][%mdl 512]} exd5 23. Rxe7 Be6 24. Bf4 $36 {[%mdl 2048] White is more active.} d4 25. Qe2 Rd5 26. h4 {[%cal Bh2h4,Bh4h5][%mdl 32]} Rad8 (26... Qf8 $11 {keeps the balance.} 27. Rc7 Rc8) 27. Rd3 Qf8 28. Rc7 R5d7 29. Rxd7 Rxd7 30. h5 Qa8 31. Qe5 $1 {[%mdl 1024] Threatens to win with h6. White has compensation.} Rd5 $1 {[%cal Rd5e5]} 32. Qe1 Rd8 $2 {[%mdl 8192] [#]} (32... Rd7 $1 $11 {and Black stays safe.}) 33. g6 $1 $18 {[%mdl 512]} Qe4 (33... fxg6 34. Qxe6+) 34. Qh4 Rc8 $2 (34... Rd7 35. gxh7+ Kxh7) 35. gxh7+ Kxh7 36. Qg5 $1 {[%cal Rg5h6] White wants to mate with Qh6+.} Qe1+ {[#]} 37. Bc1 $1 Qf2 {[#]} 38. Ka2 $1 Rxc2 39. h6 {[%csl Gh6][%cal Rg5g7] White mates.} Qg2 40. Rg3 {[%csl Gg3][%cal Rg5g8]} Bxb3+ 41. Kxb3 {[%csl Gg3][%cal Rg5g8]} Rxb2+ 42. Bxb2 {[%csl Gg3,Gh6][%cal Rg5g7]} Qd5+ 43. Kc2 {[%csl Gg3,Gh6][%cal Rg5g7]} Qe4+ 44. Kd2 {[%csl Gg3,Gh6][%cal Rg5g7]} Qe3+ {Precision: White = 52%, Black = 40%.} 1-0

[Event "XII Americas Continental-ch 2017"]
[Site "Medellin"]
[Date "2017.06.14"]
[Round "7"]
[White "Prasca Sosa, Rafael Felipe"]
[Black "Erenburg, Sergey"]
[Result "0-1"]
[WhiteElo "2400"]
[BlackElo "2550"]
[Annotator "TA"]
[PlyCount "70"]
[EventDate "2017.??.??"]
[EventType "swiss"]
[EventCountry "COL"]
[SourceTitle "playchess.com"]
[Source "ChessBase"]
[SourceQuality "1"]

{[%evp 21,70,3,7,-12,-6,-25,-22,-44,0,0,-4,0,-11,-28,-20,-25,-2,-35,-33,-58,-59,-68,-69,-72,-51,-114,-107,-127,-110,-106,-105,-104,-110,-168,-115,-160,-165,-173,-154,-170,-143,-329,-314,-329,-295,-399,-304,-516,-504,-510,-498]} 1. e4 c6 2. d4 d5 3. Nc3 dxe4 4. Nxe4 Bf5 5. Ng3 Bg6 6. h4 h6 7. N1e2 Nf6 8. Nf4 Bh7 9. Bc4 e6 10. c3 Bd6 11. Ngh5 {B18: Classical Caro-Kann: 4...Bf5 sidelines} O-O {LiveBook: 9 Games} 12. Be3 (12. g4 e5 13. g5 exf4 14. gxf6 g6 15. Qf3 Kh8 16. Bxf4 gxh5 17. Bxh6 Re8+ 18. Kd2 Bg6 19. Rhg1 Kh7 20. Bxf7 Bxf7 21. Qf5+ Kh8 22. Rg7 {1-0 (22) Kuzubov,Y (2667)-Ezat,M (2479) Dubai 2015}) 12... Nbd7 13. Nxf6+ {The position is equal.} Nxf6 14. Nh5 $146 ({Predecessor:} 14. Qe2 a5 15. a4 Nd5 16. Nd3 Rb8 17. Ne5 Bxe5 18. dxe5 b5 19. axb5 cxb5 20. Bxd5 Qxd5 {0-1 (27) Gundogan,C (2072)-Kathmale,S (2339) Kocaeli 2013}) 14... Be4 15. Bd3 Bf5 ({Not} 15... Bxg2 $2 16. Rg1 $18) 16. Nxf6+ Qxf6 17. Qc2 a5 18. O-O-O a4 19. Bxf5 exf5 {[%cal Be6f5,Bf5f4][%mdl 32]} 20. Rh3 f4 21. Bd2 Rfe8 22. Qd3 Re7 23. Kb1 (23. a3 $15) 23... Rae8 $17 24. g4 fxg3 25. fxg3 Qe6 $36 {[%mdl 2048] Keeping White busy.} 26. Rhh1 Qg4 27. c4 (27. Rhg1 $17) 27... Qxg3 (27... Re4 $19 28. Bc1 Qxg3) 28. Qc2 Re2 29. Qxa4 Qd3+ 30. Qc2 Qxd4 {[#]} 31. Qc1 $2 (31. Bxh6 $1 $17 {[%mdl 512]} Qf2 (31... gxh6 32. Rxd4) 32. Qb3) 31... Be5 $19 32. Ka1 Qe4 33. Rhg1 Kh7 34. Bc3 $2 (34. h5) 34... Rc2 35. Qb1 {[#] Hoping for Rde1.} Bxc3 {Precision: White = 16%, Black = 67%.} 0-1

[Event "XII Americas Continental-ch 2017"]
[Site "Medellin"]
[Date "2017.06.14"]
[Round "7"]
[White "Chumpitaz, Ann"]
[Black "Vera Siguenas, Deivy"]
[Result "1/2-1/2"]
[WhiteElo "2163"]
[BlackElo "2526"]
[Annotator "TA"]
[PlyCount "127"]
[EventDate "2017.??.??"]
[EventType "swiss"]
[EventCountry "COL"]
[SourceTitle "playchess.com"]
[Source "ChessBase"]
[SourceQuality "1"]

{[%evp 9,127,0,8,4,12,4,10,6,27,33,23,26,22,28,36,28,41,43,42,41,52,46,47,20,37,30,53,0,53,-7,73,0,0,0,35,3,36,11,52,42,33,31,35,13,12,16,12,10,9,3,7,-25,0,0,0,-13,10,27,18,7,31,30,30,0,0,-115,-116,-179,-173,-275,-267,-276,-262,-250,-236,-256,-256,-234,-102,-105,-118,-117,-107,-87,-92,-179,-33,-49,-15,-26,0,0,0,0,0,-16,0,0,0,0,0,-4,-4,-4,-4,-4,-4,-4,-4,-4,0,0,0,0,0,0,0,0,0,0]} 1. d4 Nf6 2. c4 e6 3. Nf3 Bb4+ 4. Bd2 Qe7 5. Qc2 Bxd2+ {LiveBook: 82 Games} 6. Nfxd2 {E11: Bogo-Indian} (6. Nbxd2 Nc6 7. g3 d6 8. Bg2 e5 9. d5 Nb8 10. e4 O-O 11. O-O a5 12. Qc3 Nbd7 13. b3 c6 14. a3 Nc5 15. Rfe1 Bd7 16. Bf1 Bg4 17. Nh4 g5 18. Ng2 Bd7 19. b4 axb4 20. axb4 {½-½ (51) Ponkratov,P (2613)-Antipov,M (2529) Moscow 2015}) 6... d6 7. Nc3 O-O 8. e3 e5 9. d5 c6 10. Be2 $146 ({Predecessor:} 10. Bd3 Na6 11. a3 Bd7 12. Rc1 Nc5 13. O-O cxd5 14. cxd5 {½-½ (38) Magai,B-Ilinsky,V (2340) Frunze 1989}) 10... Na6 11. O-O Bd7 12. e4 Rac8 13. Qb3 Rb8 14. Qa3 c5 15. Nb5 Ra8 16. Rac1 Ne8 17. Qe3 Nac7 18. a3 (18. Nc3 $14) 18... a5 (18... Nxb5 $11 19. cxb5 f5) 19. h3 (19. Nc3 $14) 19... a4 {[#]} (19... Nxb5 $11 20. cxb5 a4) 20. b4 (20. Nc3 $1 $16) 20... axb3 21. Qxb3 Bc8 22. Rc2 g6 23. Ra2 Na6 {[%cal Bc7a6,Ba6b8,Bb8d7,Bd7f6][%mdl 32]} 24. Nc3 Nb8 25. Qc2 Ng7 26. Na4 Nd7 27. Rb1 Ra6 28. Nc3 f5 29. Bf3 Nf6 30. Rb5 g5 31. exf5 Nxf5 32. Ne2 Nh4 33. Ng3 Nxf3+ 34. Nxf3 g4 35. hxg4 Nxg4 36. Qd2 Rf4 {[%cal Bf8f4,Bf4c4,Bc4c1][%mdl 32]} 37. a4 (37. Qc1 $11) 37... Rxc4 $17 38. a5 e4 39. Qg5+ (39. Ne1 $142) 39... Qxg5 $19 40. Nxg5 e3 41. fxe3 Rc1+ ({Resist} 41... Nxe3 42. Rb1) 42. Nf1 Nxe3 43. Rf2 c4 (43... Nxd5 $19 {Threatens to win with ...Nc3.} 44. Re2 Kg7) 44. Ne6 {[%csl Ge6][%cal Rf2f8] [#]} Rxf1+ $1 45. Rxf1 Nxf1 46. Kxf1 $17 {[%mdl 4096] Endgame KRB-KRN} Kf7 47. Nf4 (47. Nd4 $17 {was worth a try.}) 47... Ke7 ({Black should try} 47... Kf6 $19 {White must now prevent ...Ke5.} 48. Rb4 Rxa5 49. Rxc4 Bf5) 48. Ke1 Kd8 49. Kd2 Kc7 50. Ne6+ {The position is equal.} Bxe6 51. dxe6 $11 {KR-KR} Ra8 52. Kc3 Kc6 53. Kxc4 Rg8 54. Rb6+ Kc7 55. e7 Re8 56. Kd5 $132 {[%mdl 2048] White has counterplay} Rxe7 {Strongly threatening ...Re5+.} 57. Rxd6 Rg7 {aiming for ...Rg5+.} 58. Rh6 Kb8 59. Kc5 Ka7 60. Kb5 Rg5+ 61. Kb4 Rg4+ 62. Kb5 Rg5+ 63. Kb4 $1 Rg4+ 64. Kb5 {Precision: White = 44%, Black = 48%.} 1/2-1/2

[Event "XII Americas Continental-ch 2017"]
[Site "Medellin"]
[Date "2017.06.15"]
[Round "8"]
[White "Bachmann, Axel"]
[Black "Delgado Ramirez, Neuris"]
[Result "1/2-1/2"]
[WhiteElo "2653"]
[BlackElo "2613"]
[Annotator "TA"]
[PlyCount "80"]
[EventDate "2017.??.??"]
[EventType "swiss"]
[EventCountry "COL"]
[SourceTitle "playchess.com"]
[Source "ChessBase"]
[SourceQuality "1"]

{[%evp 11,80,-3,4,7,33,23,27,16,34,20,15,12,22,24,24,22,18,14,18,18,21,15,16,10,19,21,20,0,12,27,30,24,23,25,34,37,46,18,11,0,0,0,0,0,0,0,0,-30,-22,-19,-21,-22,-14,-17,0,0,0,-14,-14,-11,-26,-14,-7,0,0,0,0,-15,-16,-18,-5]} 1. d4 Nf6 2. c4 e6 3. Nc3 Bb4 4. Qc2 d6 5. Nf3 O-O 6. Bd2 c5 7. dxc5 {E32: Nimzo-Indian: Classical (4 Qc2): 4...0-0} Bxc5 8. e3 Nc6 9. a3 {White has an edge.} a6 10. Bd3 h6 $146 ({Predecessor:} 10... d5 11. cxd5 exd5 12. Ne2 Bb6 13. O-O Bg4 14. Ned4 Rc8 {0-1 (30) Kavutskiy,K (2367)-Moradiabadi,E (2594) Las Vegas 2016}) 11. O-O e5 12. Rfd1 Be6 13. Bc1 {[%cal Bd2c1,Bc1b2,Bb2c3][%mdl 32]} Rc8 14. b3 Ba7 15. Bb2 Na5 16. Ne4 Nxe4 17. Bxe4 {Strongly threatening Bxe5!} Qc7 18. Bc3 Nc6 19. Rd2 f5 20. Bxc6 $1 bxc6 21. c5 Bxc5 {[#]} 22. Bxe5 $1 {[%mdl 512]} dxe5 23. Qxc5 Bd5 24. b4 (24. Rc1 $5 {[%cal Rd2d5]} Rfd8 25. b4 $14) 24... f4 25. Ne1 (25. e4 $5 Bxe4 26. Nxe5 $14) 25... Qf7 26. exf4 exf4 27. f3 Rce8 28. Nd3 Re3 29. Qd4 Qe7 30. Rf1 Qg5 31. Kh1 Rf5 32. a4 Qh4 (32... Bf7 $5 {[%cal Rf5d5]} 33. Nc5 Rd5 $11) 33. Kg1 Qg5 34. b5 (34. Nc5 {is more complex.} Bxf3 35. Qd8+ Kh7 36. Qxg5 Rxg5 37. a5) 34... cxb5 35. axb5 axb5 {[#] aiming for ...Bc4.} 36. Nxf4 $1 {[%mdl 512]} Qxf4 {The position is equal.} (36... Rxf4 37. Qxe3) 37. Qxf4 Rxf4 38. Rxd5 $11 {KRR-KRR} Rb4 39. Rfd1 Re2 {Threatens to win with ...Rbb2.} 40. R5d2 Rxd2 {Precision: White = 69%, Black = 77%.} 1/2-1/2